| 000 | 01879nmm a2200481 a 4500 | ||
|---|---|---|---|
| 003 | AR-BaBNM | ||
| 005 | 20251128202910.0 | ||
| 008 | 296019s1983 ||||||||||||||000 | spa|| | ||
| 040 | _cAR-BaBNM | ||
| 100 | 1 | _aLiévano Aguirre, Indalecio | |
| 245 | 1 | 0 | _aBolívar |
| 260 |
_aMadrid _bEdiciones Cultura Hispánica _c1983 |
||
| 300 | 0 |
_a425 p. _bil. |
|
| 500 | 1 | _aContiene un capítulo acerca de Tomás Boves, el exterminio de las minorías blancas y la rebelión de las razas de color | |
| 500 | 1 | _aEstudia el monarquismo peruano-argentino, las ambiciones políticas de la clase social dominante en Buenos Aires y los objetivos de la revolución en el Sur frente a la estrategia y objetivos políticos de la emancipación grancolombiana | |
| 500 | 0 | _aLa mujer en la vida del Libertador Simón Bolívar y en las luchas de la emancipación americana | |
| 500 | 1 | _aEn el capítulo referido al Congreso Constituyente de Angostura, repara en la problemática del odio de clases y de razas en las sociedades grancolombianas de la época, al estilo del ensayista e historiador venezolano -muchos años residente en Chile- Marian | |
| 600 | 1 | 4 | _aBolívar, Simón |
| 600 | 1 | 4 | _aSan Martín, José de |
| 600 | 1 | 4 | _aMachado, Josefina |
| 600 | 1 | 4 | _aCobier, Julia |
| 600 | 1 | 4 | _aBoves, Tomás |
| 600 | 1 | 4 | _aSáenz, Manuela |
| 600 | 1 | 4 | _aSucre, Antonio José De |
| 650 | 4 | _aBIOGRAFIAS | |
| 650 | 4 | _aHISTORIA LATINOAMERICANA | |
| 650 | 4 | _aHISTORIA POLITICA | |
| 650 | 4 | _aREVOLUCION DE MAYO | |
| 650 | 4 | _aGUERRAS DE LA INDEPENDENCIA | |
| 650 | 4 | _aSOCIEDADES SECRETAS | |
| 650 | 4 | _aMONARQUIA | |
| 650 | 4 | _aCONFLICTO RACIAL | |
| 650 | 4 | _aGRUPOS ETNICOS | |
| 650 | 4 | _aMUJERES | |
| 651 | 4 | _aVenezuela | |
| 651 | 4 | _aEcuador | |
| 651 | 4 | _aColombia | |
| 651 | 4 | _aChile | |
| 651 | 4 | _aArgentina | |
| 655 | _aBIOGRAFIAS | ||
| 942 | _cBK | ||
| 998 | _cEnrique | ||
| 999 |
_c1106 _d1106 |
||